Name These 20 Flags - Hard - Statistics

General Stats
  • This quiz has been taken 63 times
  • The average score is 15 of 20
Answer Stats
Picture Answer % Correct
Bhutan
96%
Liechtenstein
93%
Seychelles
87%
Maldives
83%
Micronesia
83%
Palau
81%
Belize
80%
Brunei
80%
Dominica
80%
Antigua and Barbuda
76%
Comoros
76%
Grenada
76%
Kiribati
76%
Marshall Islands
76%
Nauru
74%
Saint Kitts and Nevis
72%
Sao Tome and Principe
72%
Vanuatu
72%
Tuvalu
70%
Eswatini (Swaziland)
35%
No matching quizzes found
Score Distribution
Percent of People with Each Score
Percentile by Number Answered
Your Score History
You have not taken this quiz